Statistics for Richest economies in Middle East

Click here to take the quiz!

General Stats

  • This quiz has been taken 74 times
  • The average score is 9 of 10

Answer Stats

GDP per capita(USD)Answer% Correct
54100Saudi Arabia
99%
129700Qatar
97%
67700UAE
97%
71300Kuwait
96%
18100Iran
94%
43700Oman
94%
50300Bahrain
91%
34800Israel
91%
18500Lebanon
88%
21100Turkey
88%

Score Distribution

Percentile by Number Answered

Percent of People with Each Score

Your Score History

You have not taken this quiz